[Event "Titled Tuesday intern op 22nd Nov Late"]
[Site "Chess.com INT"]
[Date "2022.11.22"]
[Round "7"]
[White "Gundam, Rohit"]
[Black "Ardila, Oscar Humberto"]
[Result "1-0"]
[WhiteElo "1963"]
[BlackElo "1997"]
[PlyCount "141"]
[EventDate "2022.11.22"]
[EventType "swiss (blitz)"]
[EventRounds "11"]
[EventCountry "USA"]
[SourceTitle "CBM 211 Extra"]
[Source "ChessBase"]
[SourceDate "2023.01.31"]
[SourceVersion "1"]
[SourceVersionDate "2023.01.31"]
[SourceQuality "1"]

1. d4 Nf6 2. Nf3 e6 3. c4 Bb4+ 4. Bd2 Qe7 5. g3 0-0 6. Bg2 Na6 7. Nc3 d6 8. 0-0 c5 9. Rc1 Bd7 10. dxc5 Nxc5 11. Nd4 a6 12. a3 Bxc3 13. Bxc3 Rac8 14. b4 Nce4 15. Bb2 e5 16. Nc2 Ba4 17. Qd3 Ng5 18. Ne3 g6 19. f4 exf4 20. Rxf4 Nh5 21. Rd4 Rfe8 22. Rc3 Bc6 23. Nd5 Qxe2 24. Qxe2 Rxe2 25. Bc1 Bxd5 26. Rxd5 Ne4 27. Re3 Rxe3 28. Bxe3 Rxc4 29. b5 Nhf6 30. bxa6 bxa6 31. Ra5 Rc3 32. Bh6 Rc6 33. Bxe4 Nxe4 34. Rd5 f6 35. Rd3 Kf7 36. Bf4 Ke6 37. Kg2 d5 38. Re3 Rc2+ 39. Kh3 Rc3 40. Re2 Rxa3 41. Bb8 f5 42. Rc2 d4 43. Rc6+ Kd5 44. Rc7 d3 45. Rd7+ Kc4 46. Rc7+ Kd4 47. Ba7+ Ke5 48. Re7+ Kf6 49. Rd7 Ng5+ 50. Kg2 Ra2+ 51. Kf1 Ne4 52. Rxd3 Kg5 53. Be3+ Kg4 54. Bf4 Kh3 55. Rd7 h5 56. Rg7 Ra1+ 57. Ke2 Ra2+ 58. Kd3 Rxh2 59. Rxg6 a5 60. Rh6 Kg4 61. Ra6 h4 62. Rg6+ Kf3 63. gxh4 Kxf4 64. Ra6 Rh3+ 65. Kd4 Rxh4 66. Rxa5 Rh3 67. Ra8 Rh2 68. Rg8 Rd2+ 69. Kc4 Rd7 70. Rg6 Ke5 71. Kb3 1-0

[Event "Titled Tuesday intern op 09th Aug Late"]
[Site "Chess.com INT"]
[Date "2022.08.09"]
[Round "5"]
[White "Gundam, Rohit"]
[Black "Barash, Anton"]
[Result "0-1"]
[WhiteElo "1963"]
[BlackElo "2088"]
[PlyCount "170"]
[EventDate "2022.08.09"]
[EventType "swiss (blitz)"]
[EventRounds "11"]
[EventCountry "USA"]
[SourceTitle "EXT 2023"]
[Source "ChessBase"]
[SourceDate "2022.10.05"]
[SourceVersion "1"]
[SourceVersionDate "2022.10.05"]
[SourceQuality "1"]

1. d4 d5 2. Nf3 Nf6 3. c4 e6 4. Nc3 Be7 5. Bg5 0-0 6. e3 b6 7. cxd5 exd5 8. Bd3 Bb7 9. 0-0 c5 10. Rc1 Nbd7 11. Bb1 Ne4 12. Bxe7 Qxe7 13. dxc5 Nxc3 14. Rxc3 bxc5 15. Qc2 g6 16. Rd1 Rac8 17. h3 Nf6 18. Qa4 a6 19. Qh4 Rfe8 20. Qh6 Qf8 21. Qh4 Ne4 22. Rcd3 Qg7 23. Rxd5 Bxd5 24. Rxd5 Nf6 25. Rd6 Re6 26. Rxe6 fxe6 27. Qc4 Qd7 28. Bc2 a5 29. Ng5 Qd5 30. Qa6 Ra8 31. Qxe6+ Qxe6 32. Nxe6 c4 33. Nd4 Nd5 34. Kf1 Nb4 35. Bb1 a4 36. a3 Nd5 37. Ba2 Rc8 38. Ke2 Kg7 39. Kd2 c3+ 40. Kc2 cxb2+ 41. Kxb2 Nc3 42. Be6 Nd1+ 43. Kb1 Rb8+ 44. Kc1 Nxf2 45. Bd7 Nd3+ 46. Kd2 Ne5 47. Bxa4 Nc4+ 48. Kc3 Nxe3 49. Bc6 Nd1+ 50. Kc2 Nb2 51. a4 Nxa4 52. Bxa4 Rb4 53. Ne6+ Kf6 54. Nc5 Rc4+ 55. Kd3 Rxc5 56. Bd1 Rd5+ 57. Ke2 Rg5 58. Kf2 Ra5 59. Bf3 h6 60. Kg3 h5 61. Kh2 g5 62. Bxh5 Kf5 63. Bg4+ Kf4 64. Bf3 Ra3 65. Bb7 Ra2 66. Kg1 Rb2 67. Bf3 Kg3 68. Kf1 Rb1+ 69. Ke2 Rg1 70. Ke3 Rxg2 71. Ke4 Rf2 72. Bg4 Rf4+ 73. Ke3 Rxg4 74. hxg4 Kxg4 75. Kf2 Kh3 76. Kg1 Kg3 77. Kh1 Kf2 78. Kh2 Kf3 79. Kh3 g4+ 80. Kh2 Kf2 81. Kh1 Kg3 82. Kg1 Kh3 83. Kh1 g3 84. Kg1 g2 85. Kf2 Kh2 0-1

[Event "Titled Tuesday intern op 26th Jul Early"]
[Site "Chess.com INT"]
[Date "2022.07.26"]
[Round "11"]
[White "Begunov, Konstantin"]
[Black "Gundam, Rohit"]
[Result "0-1"]
[WhiteElo "2325"]
[BlackElo "1963"]
[PlyCount "60"]
[EventDate "2022.07.26"]
[EventType "swiss (blitz)"]
[EventRounds "11"]
[EventCountry "USA"]
[SourceTitle "EXT 2023"]
[Source "ChessBase"]
[SourceDate "2022.10.05"]
[SourceVersion "1"]
[SourceVersionDate "2022.10.05"]
[SourceQuality "1"]

1. d4 Nf6 2. c4 e6 3. Nf3 Bb4+ 4. Nbd2 0-0 5. a3 Be7 6. e4 d6 7. e5 dxe5 8. dxe5 Nfd7 9. b4 c5 10. b5 a6 11. Bb2 Nb6 12. Qc2 axb5 13. cxb5 Na4 14. Bc1 Nd7 15. Bd3 g6 16. Nc4 Ndb6 17. Bh6 Nxc4 18. Bxf8 Nxe5 19. Bxe7 Nxf3+ 20. gxf3 Qxe7 21. h4 Qf6 22. 0-0-0 Qa1+ 23. Kd2 Qxa3 24. h5 Qb4+ 25. Ke2 Nc3+ 26. Kf1 Ra2 27. Qc1 Nxd1 28. hxg6 Rxf2+ 29. Kg1 Qe1+ 30. Bf1 Qxf1# 0-1

[Event "Titled Tuesday intern op 28th Jun Early"]
[Site "Chess.com INT"]
[Date "2022.06.28"]
[Round "11"]
[White "Gundam, Rohit"]
[Black "Blokhin, Sofia"]
[Result "1-0"]
[WhiteElo "1920"]
[BlackElo "2068"]
[PlyCount "75"]
[EventDate "2022.06.28"]
[EventType "swiss (blitz)"]
[EventRounds "11"]
[EventCountry "USA"]
[SourceTitle "CBM 209 Extra"]
[Source "ChessBase"]
[SourceDate "2022.09.30"]
[SourceVersion "1"]
[SourceVersionDate "2022.09.30"]
[SourceQuality "1"]

1. d4 f5 2. Nc3 e6 3. e4 fxe4 4. Nxe4 Nf6 5. Bg5 Be7 6. Bxf6 Bxf6 7. Qh5+ g6 8. Qh6 d5 9. Nxf6+ Qxf6 10. Nf3 Nc6 11. 0-0-0 Bd7 12. Bb5 0-0-0 13. Bxc6 Bxc6 14. Qg5 Qf8 15. Rhe1 Bd7 16. h4 Qb4 17. c3 Qa4 18. a3 Rhf8 19. Qd2 Qb3 20. Qc2 Qa2 21. Qb1 Qb3 22. Nd2 Qb6 23. f3 Ba4 24. b3 Bb5 25. a4 Bd7 26. Re5 c5 27. Qb2 cxd4 28. cxd4 Kb8 29. Kb1 Rc8 30. Rc1 Rxc1+ 31. Kxc1 Rc8+ 32. Kb1 Qb4 33. Re1 Rc3 34. Rc1 Rd3 35. Qc2 Qxd2 36. Qc7+ Ka8 37. Qc8+ Bxc8 38. Rxc8# 1-0

[Event "Titled Tuesday intern op 28th Jun Early"]
[Site "Chess.com INT"]
[Date "2022.06.28"]
[Round "8"]
[White "Gundam, Rohit"]
[Black "Horak, Martin"]
[Result "0-1"]
[WhiteElo "1920"]
[BlackElo "2260"]
[PlyCount "90"]
[EventDate "2022.06.28"]
[EventType "swiss (blitz)"]
[EventRounds "11"]
[EventCountry "USA"]
[SourceTitle "CBM 209 Extra"]
[Source "ChessBase"]
[SourceDate "2022.09.30"]
[SourceVersion "1"]
[SourceVersionDate "2022.09.30"]
[SourceQuality "1"]

1. d4 g6 2. Nf3 Bg7 3. c4 Nf6 4. Nc3 d5 5. h3 0-0 6. cxd5 Nxd5 7. e4 Nxc3 8. bxc3 c5 9. Be2 Nc6 10. Be3 cxd4 11. cxd4 Qa5+ 12. Bd2 Qa3 13. d5 Ne5 14. 0-0 Nxf3+ 15. Bxf3 e6 16. Rb1 Qxa2 17. Bb4 Re8 18. d6 Bd7 19. Bc5 Bc6 20. e5 Bxe5 21. Bxc6 bxc6 22. d7 Red8 23. Be7 Qd5 24. Bxd8 Rxd8 25. Rb7 Bd4 26. Qf3 Rxd7 27. Qxd5 Rxd5 28. Rb8+ Kg7 29. Rc1 Bb6 30. Rc8 c5 31. Rc2 h5 32. g3 h4 33. Kg2 Rd4 34. gxh4 Rxh4 35. Rb8 Rh5 36. Rb7 Rg5+ 37. Kf3 Rf5+ 38. Kg2 Kf6 39. Rd2 Rd5 40. Rxd5 exd5 41. f4 d4 42. Kf3 c4 43. Ke4 d3 44. Rd7 Ke6 45. Rd5 f5+ 0-1

[Event "Titled Tuesday intern op 28th Jun Early"]
[Site "Chess.com INT"]
[Date "2022.06.28"]
[Round "5"]
[White "Kanyamarala, Tarun"]
[Black "Gundam, Rohit"]
[Result "0-1"]
[WhiteElo "2388"]
[BlackElo "1920"]
[PlyCount "44"]
[EventDate "2022.06.28"]
[EventType "swiss (blitz)"]
[EventRounds "11"]
[EventCountry "USA"]
[SourceTitle "CBM 209 Extra"]
[Source "ChessBase"]
[SourceDate "2022.09.30"]
[SourceVersion "1"]
[SourceVersionDate "2022.09.30"]
[SourceQuality "1"]

1. Nf3 Nf6 2. g3 d5 3. b3 c5 4. Bb2 Nc6 5. Bg2 g6 6. 0-0 Bg7 7. d4 Ne4 8. e3 0-0 9. Nbd2 Bf5 10. Nh4 Rc8 11. Nxf5 gxf5 12. Nxe4 dxe4 13. c3 cxd4 14. exd4 e6 15. Qe2 Ne7 16. f3 Nd5 17. Rac1 Qa5 18. b4 Qxa2 19. Ra1 Nxc3 20. Rxa2 Nxe2+ 21. Kf2 Rc2 22. fxe4 Nc3+ 0-1

[Event "Titled Tuesday intern op 28th Jun Early"]
[Site "Chess.com INT"]
[Date "2022.06.28"]
[Round "4"]
[White "Pein, Jonathan"]
[Black "Gundam, Rohit"]
[Result "1-0"]
[WhiteElo "2229"]
[BlackElo "1920"]
[PlyCount "141"]
[EventDate "2022.06.28"]
[EventType "swiss (blitz)"]
[EventRounds "11"]
[EventCountry "USA"]
[SourceTitle "CBM 209 Extra"]
[Source "ChessBase"]
[SourceDate "2022.09.30"]
[SourceVersion "1"]
[SourceVersionDate "2022.09.30"]
[SourceQuality "1"]

1. d4 Nf6 2. Nf3 e6 3. c4 Bb4+ 4. Bd2 a5 5. g3 d6 6. Bg2 Bxd2+ 7. Nbxd2 Nbd7 8. 0-0 e5 9. Qc2 0-0 10. Rfd1 Qe7 11. e3 h6 12. Rac1 c6 13. Nh4 Rd8 14. Ndf3 e4 15. Nd2 d5 16. cxd5 cxd5 17. Qc7 Re8 18. Nf5 Qb4 19. Nd6 Rf8 20. Rc2 b6 21. a3 Qa4 22. Rdc1 Ba6 23. Nb1 Bd3 24. Rc3 Bxb1 25. Rxb1 Ne8 26. Nxe8 Rfxe8 27. Bh3 Nf6 28. Rbc1 Qb5 29. b3 a4 30. Bf1 Qa5 31. b4 Qa7 32. Bb5 Qxc7 33. Rxc7 Reb8 34. h3 Kf8 35. g4 Rd8 36. Rb7 Rab8 37. Ra7 Ra8 38. Rac7 Rab8 39. R1c3 Ne8 40. Bxe8 Kxe8 41. Kf1 Ra8 42. Ke2 g6 43. R3c6 Rab8 44. Rf6 Rd7 45. Rxd7 Kxd7 46. Rxf7+ Ke6 47. Ra7 Rc8 48. Rxa4 Rc2+ 49. Kf1 Rc1+ 50. Kg2 Kd7 51. Ra7+ Kc6 52. a4 Ra1 53. a5 bxa5 54. Rxa5 Rxa5 55. bxa5 Kb5 56. Kg3 g5 57. f3 Kxa5 58. fxe4 dxe4 59. h4 Ka4 60. hxg5 hxg5 61. Kf2 Kb4 62. Ke2 Kb5 63. Kd2 Kb4 64. Kc2 Kb5 65. Kc3 Kb6 66. Kc4 Kc6 67. d5+ Kd6 68. Kd4 Kd7 69. Kxe4 Kc7 70. Ke5 Kd7 71. e4 1-0